[Event "2.BLO 1617 SK Göggingen - SC Erlangen"]
[Site "?"]
[Date "2016.11.19"]
[Round "3.7"]
[White "Walter, Thomas"]
[Black "Kukov, Velislav"]
[Result "0-1"]
[WhiteElo "2128"]
[BlackElo "2366"]
[PlyCount "132"]
[EventDate "2016.??.??"]

1. e4 d5 2. exd5 Qxd5 3. Nc3 Qd8 4. Bc4 Nf6 5. Nf3 c6 6. Ne5 e6 7. d4 Nbd7 8.
Qe2 Nb6 9. Bg5 Nxc4 10. Qxc4 Be7 11. O-O O-O 12. Rfe1 h6 13. Bh4 Bd7 14. Rad1
Rc8 15. Qe2 Nd5 16. Bxe7 Nxc3 17. bxc3 Qxe7 18. Rd3 Rfd8 19. Rg3 Be8 20. Qg4 f5
21. Qf4 Qf6 22. h4 c5 23. Qf3 Rc7 24. dxc5 Rxc5 25. Nd3 Rc7 26. Qe3 Bf7 27.
Qxa7 Rxc3 28. Qxb7 Rxc2 29. a4 Rd2 30. Ne5 f4 31. Ra3 Rd1 32. Qe4 Bh5 33. Ra1
R1d4 34. Qc2 Rd2 35. Qe4 Qxh4 36. g3 Qh3 37. Qxf4 R2d4 38. Qe3 R4d5 39. Nf3 Rd3
40. Qxe6+ Qxe6 41. Rxe6 Bxf3 42. Kh2 R8d5 43. g4 Bxg4 44. Re3 Rxe3 45. fxe3 Ra5
46. Kg3 Bd7 47. Rd1 Bxa4 48. Rd4 Be8 49. Rb4 Bc6 50. Rb6 Rc5 51. Kf4 Kh7 52.
Kg3 Rc4 53. Rb8 h5 54. Rb3 h4+ 55. Kh3 Bd7+ 56. Kg2 Kh6 57. Rd3 Bf5 58. Rd6+
Kg5 59. Rd1 Rc2+ 60. Kg1 Kg4 61. e4 Bxe4 62. Re1 Bf3 63. Re7 g5 64. Rg7 h3 65.
Rh7 Kg3 66. Rc7 h2+ 0-1

[Event "2.BLO 1617 SK Göggingen - SC Erlangen"]
[Site "?"]
[Date "2016.11.19"]
[Round "3.8"]
[White "Lipok, Christoph"]
[Black "Boettger, Lukas"]
[Result "1-0"]
[WhiteElo "2236"]
[BlackElo "2244"]
[PlyCount "63"]
[EventDate "2016.??.??"]

1. d4 Nf6 2. c4 e6 3. Nc3 Bb4 4. Qc2 O-O 5. Nf3 c5 6. dxc5 Na6 7. g3 Nxc5 8.
Bg2 Nce4 9. O-O Nxc3 10. bxc3 Be7 11. e4 d6 12. e5 dxe5 13. Nxe5 Qc7 14. Qe2
Bd6 15. Re1 Nd7 16. Bf4 Nc5 17. Rad1 f6 18. Rxd6 Qxd6 19. Ng6 e5 20. Rd1 Qc7
21. Nxf8 Kxf8 22. Be3 Be6 23. Qh5 Kg8 24. Bxc5 Qxc5 25. Bxb7 Rf8 26. Bd5 Bxd5
27. cxd5 Qxc3 28. d6 Qc6 29. Qf5 g6 30. Qe6+ Kg7 31. Qe7+ Rf7 32. Qxf7+ 1-0

[Event "2.BLO 1617 Bad Mergentheim - SC Forchhe"]
[Site "?"]
[Date "2016.11.19"]
[Round "3.1"]
[White "Jirovsky, Milos"]
[Black "Ikonnikov, Vyacheslav"]
[Result "1/2-1/2"]
[WhiteElo "2437"]
[BlackElo "2545"]
[PlyCount "47"]
[EventDate "2016.??.??"]

1. Nf3 g6 2. c4 Bg7 3. Nc3 e5 4. d4 exd4 5. Nxd4 Nc6 6. Nxc6 bxc6 7. g3 Ne7 8.
Bg2 O-O 9. O-O Rb8 10. Qd2 Ba6 11. Rd1 Bxc4 12. Qxd7 Qxd7 13. Rxd7 Nd5 14. Nxd5
cxd5 15. Bxd5 Bxd5 16. Rxd5 Bxb2 17. Rb1 Bxc1 18. Rxc1 Rb2 19. Ra5 Re8 20. e3
Rd8 21. Rxa7 Rdd2 22. Rf1 Rdc2 23. a4 Ra2 24. Kg2 1/2-1/2

[Event "2.BLO 1617 Bad Mergentheim - SC Forchhe"]
[Site "?"]
[Date "2016.11.19"]
[Round "3.2"]
[White "Karpatchev, Aleksandr"]
[Black "Rupprecht, Andreas"]
[Result "1-0"]
[WhiteElo "2491"]
[BlackElo "2422"]
[PlyCount "117"]
[EventDate "2016.??.??"]

1. e4 e6 2. d4 d5 3. Nd2 Nf6 4. e5 Nfd7 5. c3 c5 6. Bd3 Nc6 7. Ngf3 g6 8. h4 h6
9. b3 Qb6 10. Bb2 Bg7 11. O-O O-O 12. Re1 a5 13. a3 cxd4 14. cxd4 f6 15. exf6
Rxf6 16. Re2 Nf8 17. Qc2 Bd7 18. Rae1 Rc8 19. Qb1 Ne7 20. Ne5 Bb5 21. Ndf3 Bxd3
22. Qxd3 Nf5 23. Bc1 Kh7 24. h5 gxh5 25. Rc2 Rxc2 26. Qxc2 Qd8 27. Bd2 Ng6 28.
Rc1 Nxe5 29. dxe5 Rf7 30. Qc8 Qxc8 31. Rxc8 a4 32. bxa4 Rd7 33. Re8 Re7 34. Rd8
Kg6 35. a5 Rc7 36. g3 d4 37. Kf1 Rc5 38. Rd7 Rb5 39. Bb4 d3 40. Rxd3 Bxe5 41.
Rd7 Bb2 42. Nd2 Bd4 43. Nb3 e5 44. Ke2 Kf6 45. Nxd4 exd4 46. Kd3 Ke6 47. Rh7
Kd5 48. Rc7 Ke6 49. a6 bxa6 50. Rc6+ Kd5 51. Rxa6 Rb7 52. Ra5+ Ke6 53. Ke4 Nd6+
54. Kxd4 Nf5+ 55. Ke4 Nd6+ 56. Bxd6 Kxd6 57. Rxh5 Rb2 58. Rxh6+ Ke7 59. f3 1-0

[Event "2.BLO 1617 Bad Mergentheim - SC Forchhe"]
[Site "?"]
[Date "2016.11.19"]
[Round "3.3"]
[White "Ott, Florian"]
[Black "Gasthofer, Alexander"]
[Result "1-0"]
[WhiteElo "2321"]
[BlackElo "2441"]
[PlyCount "103"]
[EventDate "2016.??.??"]

1. Nf3 d5 2. c4 c6 3. e3 Nf6 4. Nc3 e6 5. b3 Nbd7 6. Qc2 Bd6 7. Bb2 O-O 8. Rg1
e5 9. g4 d4 10. exd4 exd4 11. Nxd4 Ne5 12. g5 Nh5 13. O-O-O c5 14. Nf5 Nf3 15.
Nd5 Nxg1 16. Nxg7 Nxg7 17. Nf6+ Qxf6 18. gxf6 Bf5 19. Bd3 Ne2+ 20. Kb1 Bg6 21.
fxg7 Rfe8 22. Bxg6 hxg6 23. h4 Nf4 24. Qc3 Re7 25. Qf6 Re6 26. Qg5 f5 27. Qh6
Kf7 28. g8=R Rxg8 29. Qh7+ Kf8 30. Qxb7 Re7 31. Qc6 Re6 32. Qd7 Be7 33. d4 cxd4
34. Qxd4 Rd6 35. Qxd6 Bxd6 36. Rxd6 Ke7 37. Ra6 Nd3 38. Rxa7+ Kd6 39. Bd4 Re8
40. Ra6+ Kd7 41. Rxg6 Re4 42. Bb6 Re2 43. c5 Rb2+ 44. Ka1 Rd2 45. c6+ Ke7 46.
Rg1 Kd6 47. c7 Kd7 48. Be3 Rc2 49. Rd1 Rc3 50. Bd4 Rc1+ 51. Rxc1 Nxc1 52. h5
1-0

[Event "2.BLO 1617 Bad Mergentheim - SC Forchhe"]
[Site "?"]
[Date "2016.11.19"]
[Round "3.4"]
[White "Ivanov, Mikail"]
[Black "Heidrich, Manfred"]
[Result "1-0"]
[WhiteElo "2405"]
[BlackElo "2362"]
[PlyCount "95"]
[EventDate "2016.??.??"]

1. d4 f5 2. Bf4 Nf6 3. e3 g6 4. h4 d6 5. h5 Nxh5 6. Rxh5 gxh5 7. Qxh5+ Kd7 8.
Qxf5+ e6 9. Qh3 Qf6 10. Bd3 Be7 11. Nf3 Kd8 12. Qh2 Nc6 13. a3 Bd7 14. Nc3 Kc8
15. O-O-O Nd8 16. d5 Nf7 17. dxe6 Bxe6 18. Nd4 Bd7 19. Nd5 Qh4 20. Nf5 Bxf5 21.
Bxf5+ Kb8 22. Qg1 Bg5 23. g3 Qh6 24. Qe1 c6 25. Nb4 a5 26. Nd3 Qf6 27. Bh3 h5
28. Nc5 Qe7 29. Ne6 Bxf4 30. exf4 Nd8 31. f5 Nxe6 32. fxe6 h4 33. f4 hxg3 34.
Qxg3 Kc7 35. f5 Raf8 36. Kb1 Kc8 37. Rd3 Kc7 38. a4 Rf6 39. Rb3 Kc8 40. Qc3 Qd8
41. Qe3 Kb8 42. Bg2 Qc7 43. Qc3 Rhf8 44. Bxc6 Rxf5 45. Rxb7+ Qxb7 46. Bxb7 Kxb7
47. Qg7+ Kc6 48. Qd7+ 1-0

[Event "2.BLO 1617 Bad Mergentheim - SC Forchhe"]
[Site "?"]
[Date "2016.11.19"]
[Round "3.5"]
[White "Doeres, Hans-Juergen"]
[Black "Panzalovic, Srdjan"]
[Result "1/2-1/2"]
[WhiteElo "2207"]
[BlackElo "2433"]
[PlyCount "92"]
[EventDate "2016.??.??"]

1. c4 c5 2. Nc3 g6 3. g3 Bg7 4. Bg2 Nf6 5. Nf3 O-O 6. O-O Nc6 7. d4 d6 8. d5
Na5 9. Qd3 a6 10. e4 e5 11. Nd2 Bd7 12. b3 Rb8 13. Rb1 b5 14. Ne2 Ng4 15. f3
Nh6 16. Bb2 f5 17. Bc3 Nb7 18. Qc2 Qe7 19. Rbe1 f4 20. g4 Nf7 21. Nc1 b4 22.
Bb2 Bf6 23. Rd1 Kg7 24. Kf2 h5 25. h3 Rh8 26. Rh1 Rh6 27. Ke2 Rbh8 28. Nd3 Qd8
29. Qb1 hxg4 30. hxg4 Rh2 31. Rxh2 Rxh2 32. Rg1 Qh8 33. Nf1 Rh4 34. Nd2 Rh2 35.
Nf1 Rh4 36. Nd2 a5 37. Rh1 g5 38. Nf2 Rxh1 39. Qxh1 Qa8 40. Kd3 a4 41. Kc2 Nh8
42. Bf1 Ng6 43. Be2 Nh4 44. Bd1 Na5 45. Kb1 Be8 46. Nd3 a3 1/2-1/2

[Event "2.BLO 1617 Bad Mergentheim - SC Forchhe"]
[Site "?"]
[Date "2016.11.19"]
[Round "3.6"]
[White "Raps, Johannes"]
[Black "Schulz, Lukas"]
[Result "0-1"]
[WhiteElo "2182"]
[BlackElo "2141"]
[PlyCount "68"]
[EventDate "2016.??.??"]

1. d4 Nf6 2. Nf3 g6 3. g3 Bg7 4. Bg2 O-O 5. O-O c5 6. c3 d5 7. dxc5 Nc6 8. b4
b6 9. cxb6 Qxb6 10. Be3 Qc7 11. Bd4 Bb7 12. Nbd2 Rfd8 13. Nb3 Ne4 14. b5 Nb8
15. Bxg7 Kxg7 16. Rc1 e5 17. Qd3 Nd7 18. c4 d4 19. Rfd1 Nc3 20. Rxc3 dxc3 21.
Qxc3 Rac8 22. c5 Nxc5 23. Rxd8 Qxd8 24. Nxc5 Qe7 25. Nxe5 Rxc5 26. Nxg6+ Kxg6
27. Qd3+ f5 28. Bxb7 Rc1+ 29. Kg2 Qxb7+ 30. f3 Qe7 31. a4 h5 32. a5 h4 33. g4
Qc5 34. Qd7 Rg1+ 0-1

[Event "2.BLO 1617 Bad Mergentheim - SC Forchhe"]
[Site "?"]
[Date "2016.11.19"]
[Round "3.7"]
[White "Bade, Joern"]
[Black "Gasthofer, Viktor"]
[Result "1-0"]
[WhiteElo "2276"]
[BlackElo "2307"]
[PlyCount "107"]
[EventDate "2016.??.??"]

1. e4 e6 2. d4 d5 3. e5 c5 4. Nf3 cxd4 5. Bd3 Nc6 6. O-O Nge7 7. Bf4 Ng6 8. Bg3
Be7 9. Re1 Qb6 10. Qc1 Bd7 11. a3 a5 12. h4 h5 13. Ng5 Bxg5 14. Qxg5 Nce7 15.
Nd2 Bb5 16. Nf3 Bxd3 17. cxd3 Rc8 18. Qd2 Nf5 19. b4 Rc3 20. bxa5 Qxa5 21. a4
O-O 22. Qe2 Qa6 23. Red1 Rfc8 24. Ng5 Nh6 25. Qxh5 Rxd3 26. Rdb1 Rdc3 27. a5 d3
28. Qd1 R8c7 29. h5 Nf8 30. Bf4 Qc4 31. Bd2 Rc2 32. Rb4 Qc5 33. Nf3 Rc4 34. Rb3
Ng4 35. Qf1 d4 36. Re1 Rc3 37. Rbb1 Qd5 38. Red1 Rb3 39. Rxb3 Qxb3 40. Nxd4 Qc4
41. Nf3 Qe4 42. Rc1 Rc4 43. Rxc4 Qxc4 44. Qb1 Qc5 45. Qxd3 Qxf2+ 46. Kh1 Qg3
47. Be1 Qxe1+ 48. Nxe1 Nf2+ 49. Kh2 Nxd3 50. Nxd3 Nd7 51. Kg3 f6 52. Kf4 Kf7
53. g4 g6 54. exf6 1-0

[Event "2.BLO 1617 Bad Mergentheim - SC Forchhe"]
[Site "?"]
[Date "2016.11.19"]
[Round "3.8"]
[White "Gross, Willi"]
[Black "Auburger, Philipp"]
[Result "1/2-1/2"]
[WhiteElo "2138"]
[BlackElo "1976"]
[PlyCount "157"]
[EventDate "2016.??.??"]

1. d4 Nf6 2. c4 g6 3. Nc3 d5 4. Bg5 Ne4 5. h4 Nxc3 6. bxc3 Bg7 7. e3 h5 8. cxd5
Qxd5 9. Nf3 Bf5 10. Be2 Nd7 11. Bf4 Qa5 12. Qd2 O-O 13. O-O Rad8 14. Qb2 b6 15.
Nd2 e5 16. Nc4 Qd5 17. Nxe5 Nxe5 18. dxe5 Bxe5 19. Rad1 Qc5 20. Bxe5 Qxe5 21.
Rxd8 Rxd8 22. Rd1 Rxd1+ 23. Bxd1 Qe4 24. Qb4 a5 25. Qxe4 Bxe4 26. f3 Bd5 27. a3
Kf8 28. Kf2 Ke7 29. e4 Be6 30. Ke3 c5 31. Be2 Kd6 32. c4 f6 33. g3 Bf7 34. f4
Be8 35. Bd3 Bd7 36. Bc2 Bg4 37. Ba4 Be6 38. Bb5 Bf7 39. Kd3 Ke7 40. Bc6 Kd6 41.
Bb5 Ke6 42. Kc3 Kd6 43. Ba4 Ke6 44. Bc6 Kd6 45. Bb7 Be6 46. Kd3 Bf7 47. Bc8 Be8
48. Kc3 Bc6 49. Kd3 b5 50. cxb5 Bxb5+ 51. Ke3 Bc4 52. Bh3 Bb5 53. Bg2 Ba6 54.
Bf3 Bc8 55. Be2 Bd7 56. Bc4 Be8 57. Kd3 Ke7 58. e5 Bd7 59. Bd5 Bb5+ 60. Kd2 Bd7
61. Kc3 Bb5 62. Ba2 Be8 63. Bb3 Bd7 64. Bc4 Be8 65. Bb3 Bd7 66. Bc2 fxe5 67.
fxe5 Be8 68. Bb3 Bd7 69. Bd5 Bb5 70. Kd2 Bd7 71. Ke3 Be6 72. Bb7 Bb3 73. Ke4
Ke6 74. Bc8+ Ke7 75. Kd3 Be6 76. Bb7 Ba2 77. Bc8 Be6 78. Ba6 Bd5 79. Bc8
1/2-1/2

[Event "2.BLO 1617 Bindl Aktionär - Erfurter S"]
[Site "?"]
[Date "2016.11.19"]
[Round "3.1"]
[White "Braeuer, Franz"]
[Black "Petr, Martin"]
[Result "1/2-1/2"]
[WhiteElo "2414"]
[BlackElo "2494"]
[PlyCount "97"]
[EventDate "2016.??.??"]

1. e4 e6 2. d4 d5 3. Nd2 c5 4. Ngf3 cxd4 5. Nxd4 Nc6 6. Bb5 Bd7 7. Nxc6 bxc6 8.
Bd3 Qc7 9. Qe2 Ne7 10. Nf3 Ng6 11. e5 c5 12. c4 dxc4 13. Bxc4 Bc6 14. O-O Be7
15. Bb5 O-O 16. Bxc6 Qxc6 17. Bd2 Rfd8 18. Rfe1 Rd5 19. Qe4 Rad8 20. Bc3 Qb5
21. g3 h6 22. Kg2 c4 23. Re2 Bc5 24. Rc1 Ne7 25. Nd2 Bd4 26. Nf3 Bb6 27. Be1
Rc8 28. Rec2 Rdc5 29. Bd2 R5c7 30. h4 Qd5 31. Re1 Qxe4 32. Rxe4 Nd5 33. Bc3 a5
34. Nd2 a4 35. Nb1 Rc6 36. Be1 f5 37. exf6 Nxf6 38. Ree2 Bd4 39. Nc3 Bxc3 40.
Bxc3 Nd5 41. Re4 Kf7 42. h5 Nf6 43. Rf4 Rc5 44. Bb4 e5 45. Rh4 R5c6 46. Bc3 Rc5
47. Bb4 R5c6 48. Bc3 Rc5 49. Bb4 1/2-1/2

[Event "2.BLO 1617 Bindl Aktionär - Erfurter S"]
[Site "?"]
[Date "2016.11.19"]
[Round "3.2"]
[White "Kriebel, Tadeas"]
[Black "Votava, Jan"]
[Result "0-1"]
[WhiteElo "2464"]
[BlackElo "2520"]
[PlyCount "142"]
[EventDate "2016.??.??"]

1. e4 e5 2. Nf3 Nc6 3. Bb5 a6 4. Ba4 Nf6 5. O-O Be7 6. Re1 b5 7. Bb3 d6 8. c3
O-O 9. h3 Nb8 10. d4 Nbd7 11. Nbd2 Bb7 12. Bc2 Re8 13. a4 Bf8 14. Bd3 c6 15. b3
Qc7 16. Bb2 g6 17. Qc2 Bg7 18. dxe5 dxe5 19. Ba3 Qb6 20. b4 Nh5 21. c4 Nf4 22.
Bf1 Ne6 23. Nb3 bxa4 24. Na5 c5 25. Qxa4 cxb4 26. Qxd7 Qxa5 27. Qxb7 bxa3 28.
Qd5 Qc5 29. Qxc5 Nxc5 30. Rxa3 a5 31. Nd2 Bf8 32. Ra2 Reb8 33. g3 a4 34. Be2 a3
35. Kg2 Bh6 36. Nb1 Rb3 37. Rd1 Kg7 38. Bf3 Ne6 39. Bg4 Nd4 40. Bd7 Ra7 41. Be8
Kf6 42. Bb5 Bf8 43. Nd2 Rd3 44. Rb1 Bh6 45. Nf1 Rb3 46. Rba1 Ke7 47. Nh2 Ke6
48. h4 Rc3 49. Ng4 Bc1 50. Rb1 h5 51. Nh2 Bh6 52. c5 Rxc5 53. Bd3 Rc3 54. Rb6+
Ke7 55. Ba6 Bc1 56. Bb7 Rb3 57. Rxb3 Nxb3 58. Bd5 Nd4 59. Nf1 Rc7 60. Ra1 Bb2
61. Rd1 Rc1 62. Rd2 Bc3 63. Ra2 Nc2 64. Bb3 Bb2 65. Bxc2 Rxc2 66. Ne3 Rc1 67.
Kf3 Kd6 68. Ke2 Kc5 69. Nd1 Ra1 70. Rxa1 Bxa1 71. Kd3 a2 0-1

[Event "2.BLO 1617 Bindl Aktionär - Erfurter S"]
[Site "?"]
[Date "2016.11.19"]
[Round "3.3"]
[White "Enders, Peter"]
[Black "Neuman, Petr"]
[Result "0-1"]
[WhiteElo "2445"]
[BlackElo "2422"]
[PlyCount "138"]
[EventDate "2016.??.??"]

1. b3 e5 2. Bb2 Nc6 3. e3 Nf6 4. Nf3 d6 5. d4 e4 6. Nfd2 d5 7. Be2 Ne7 8. c4 c6
9. Nc3 Nf5 10. Qc2 a6 11. O-O-O h5 12. Kb1 Bb4 13. h3 h4 14. Nf1 O-O 15. Nh2 b5
16. Ng4 Nxg4 17. hxg4 Nh6 18. cxd5 cxd5 19. f3 Re8 20. a3 Bf8 21. Bc1 b4 22.
axb4 Bxb4 23. Na2 a5 24. Bb5 Re6 25. Ba4 Ba6 26. Ka1 Rb8 27. Qf2 Bb5 28. g5
Bxa4 29. bxa4 Qxg5 30. Qxh4 Qxh4 31. Rxh4 Nf5 32. Rf4 Nd6 33. Rh1 g6 34. Rfh4
Kg7 35. Rh7+ Kf6 36. Rf1 Ke7 37. fxe4 Rxe4 38. Rf2 Ke6 39. Rc2 Nc4 40. Nc3
Bxc3+ 41. Rxc3 Rb4 42. Rh8 Kd7 43. Rh7 Re7 44. Rh8 Re8 45. Rxe8 Kxe8 46. Rc2
Rxa4+ 47. Kb1 Rb4+ 48. Ka2 Kd7 49. Re2 Ra4+ 50. Kb1 Nd6 51. Bd2 f5 52. Be1 Nc4
53. Bh4 Ra3 54. Bg5 Rb3+ 55. Ka2 Rd3 56. Rf2 Rd2+ 57. Rxd2 Nxd2 58. Ka3 Kc6 59.
Ka4 Nc4 60. Bf4 Kb6 61. Bg5 Ka6 62. Bh6 Nb6+ 63. Kb3 Kb5 64. Bg5 Nc4 65. Bh6
Nd2+ 66. Kc3 Ne4+ 67. Kb3 g5 68. g3 a4+ 69. Ka3 Kc4 0-1

[Event "2.BLO 1617 Bindl Aktionär - Erfurter S"]
[Site "?"]
[Date "2016.11.19"]
[Round "3.4"]
[White "Cech, Pavel"]
[Black "Mueller, Matthias"]
[Result "0-1"]
[WhiteElo "2353"]
[BlackElo "2385"]
[PlyCount "100"]
[EventDate "2016.??.??"]

1. d4 d5 2. c4 e6 3. Nc3 c5 4. e3 Nf6 5. Nf3 Nc6 6. a3 a6 7. dxc5 Bxc5 8. b4
Ba7 9. Bb2 O-O 10. cxd5 exd5 11. Ne2 Bg4 12. Ned4 Nxd4 13. Bxd4 Bxf3 14. gxf3
Bxd4 15. Qxd4 a5 16. b5 Rc8 17. Bd3 Qd6 18. Rg1 Rc5 19. Ke2 Rfc8 20. f4 g6 21.
f5 Rc2+ 22. Bxc2 Rxc2+ 23. Kd1 Rxf2 24. fxg6 hxg6 25. Qh4 Ne4 26. Rc1 Qd7 27.
Ke1 Kg7 28. a4 Qd6 29. Rb1 Qc5 30. Qxf2 Nxf2 31. Kxf2 Qc2+ 32. Kg3 Qxa4 33. b6
Qe4 34. Kf2 d4 35. exd4 Qxd4+ 36. Ke2 Qe5+ 37. Kd3 Qxh2 38. Rgc1 Qe5 39. Kc4 g5
40. Re1 Qd6 41. Red1 Qc6+ 42. Kd4 Kg6 43. Rdc1 Qd6+ 44. Kc4 f6 45. Kb5 Qd5+ 46.
Ka4 g4 47. Rb3 f5 48. Rcc3 f4 49. Rd3 Qc4+ 50. Ka3 g3 0-1

[Event "2.BLO 1617 Bindl Aktionär - Erfurter S"]
[Site "?"]
[Date "2016.11.19"]
[Round "3.5"]
[White "Machelett, Heiko"]
[Black "Wall, Gavin"]
[Result "0-1"]
[WhiteElo "2409"]
[BlackElo "2349"]
[PlyCount "80"]
[EventDate "2016.??.??"]

1. c4 f5 2. Nc3 Nf6 3. g3 d6 4. Bg2 e5 5. d3 Be7 6. Nf3 O-O 7. O-O Qe8 8. Nd2
Qh5 9. e3 Qxd1 10. Rxd1 Na6 11. Nb3 c6 12. a3 Rf7 13. Na5 Bd8 14. b4 Bxa5 15.
bxa5 Be6 16. Rb1 Rd8 17. Bb2 f4 18. exf4 exf4 19. Ne2 fxg3 20. hxg3 Ng4 21. Bh3
Bd7 22. Rf1 Nc5 23. Bd4 Ne5 24. Bxd7 Rdxd7 25. f4 Nexd3 26. Nc3 h5 27. Kg2 h4
28. Rf3 hxg3 29. Kxg3 Rf5 30. Rbf1 Nb2 31. Kg4 Rdf7 32. Bxc5 dxc5 33. Ne4 Nxc4
34. Ng5 Nd2 35. Nxf7 Rxf7 36. Kg5 Rd7 37. f5 Kf7 38. R1f2 Ne4+ 39. Kf4 Nxf2 40.
Rxf2 Kf6 0-1

[Event "2.BLO 1617 Bindl Aktionär - Erfurter S"]
[Site "?"]
[Date "2016.11.19"]
[Round "3.6"]
[White "Krensing, Jan"]
[Black "Troyke, Christian"]
[Result "0-1"]
[WhiteElo "2325"]
[BlackElo "2347"]
[PlyCount "52"]
[EventDate "2016.??.??"]

1. d4 g6 2. c4 Nf6 3. Nc3 Bg7 4. e4 d6 5. Nf3 O-O 6. Be2 Bg4 7. Be3 Nfd7 8. Qd2
e5 9. d5 f5 10. Bg5 Qe8 11. exf5 gxf5 12. h3 Bxf3 13. Bxf3 Qg6 14. g4 Nc5 15.
Be2 f4 16. h4 Nba6 17. Be7 Rfe8 18. h5 Qf7 19. Bh4 e4 20. O-O-O Nb4 21. Kb1 a5
22. Rhe1 h6 23. Bf1 Bh8 24. Nb5 e3 25. fxe3 fxe3 26. Rxe3 Rxe3 0-1

[Event "2.BLO 1617 Bindl Aktionär - Erfurter S"]
[Site "?"]
[Date "2016.11.19"]
[Round "3.7"]
[White "Casper, Thomas"]
[Black "Loew, Gerald"]
[Result "1-0"]
[WhiteElo "2381"]
[BlackElo "2235"]
[PlyCount "89"]
[EventDate "2016.??.??"]

1. e4 c5 2. Nf3 g6 3. c3 d5 4. exd5 Qxd5 5. d4 Bg7 6. Be2 Nf6 7. O-O cxd4 8.
Nxd4 O-O 9. Na3 e5 10. Ndb5 Qxd1 11. Rxd1 Nc6 12. Be3 b6 13. Bg5 Ne4 14. Bf3 f5
15. Bxe4 fxe4 16. Rd6 Bb7 17. Rd7 Rab8 18. Nc4 Rf7 19. Rad1 Rbf8 20. Rxf7 Rxf7
21. Rd2 h6 22. Nbd6 Rd7 23. Nxb7 Rxb7 24. Nd6 Rc7 25. Be3 Na5 26. Nxe4 Nc4 27.
Rd8+ Kh7 28. Bc1 b5 29. f3 Nb6 30. b3 Nd7 31. Bd2 Nf6 32. Nxf6+ Bxf6 33. Rd5
Rb7 34. Kf1 Kg7 35. Rd6 h5 36. Ra6 Bd8 37. Re6 Bf6 38. Ke2 Rc7 39. Kd3 Kf7 40.
Ra6 Rd7+ 41. Kc2 e4 42. fxe4 Be5 43. h3 Rc7 44. b4 Re7 45. Ra5 1-0

[Event "2.BLO 1617 Bindl Aktionär - Erfurter S"]
[Site "?"]
[Date "2016.11.19"]
[Round "3.8"]
[White "Delitzsch, Juergen"]
[Black "Steinacker, Alex"]
[Result "1/2-1/2"]
[WhiteElo "2225"]
[BlackElo "2194"]
[PlyCount "98"]
[EventDate "2016.??.??"]

1. d4 Nf6 2. Nf3 g6 3. c4 Bg7 4. g3 O-O 5. Bg2 d6 6. O-O Nc6 7. b3 a6 8. Bb2
Rb8 9. Nbd2 b5 10. cxb5 axb5 11. Rc1 Bb7 12. a3 e6 13. Rc2 Qd7 14. Qa1 Bh6 15.
e3 b4 16. a4 Na5 17. Rfc1 Rfc8 18. Qa2 Bd5 19. Ne1 c6 20. Rd1 Qe7 21. Bf1 Ne4
22. Nxe4 Bxe4 23. Nd3 Qg5 24. Rcd2 Qf5 25. f4 Bd5 26. Nf2 Bxb3 27. Qa1 Bxd1 28.
e4 Qh5 29. Rxd1 d5 30. Qc1 Bg7 31. e5 c5 32. dxc5 Nb3 33. Qe3 Nxc5 34. Bd4 Ne4
35. Be2 Qh6 36. Nxe4 dxe4 37. a5 Ra8 38. a6 Bf8 39. Rc1 Be7 40. Rxc8+ Rxc8 41.
a7 Qf8 42. Ba6 Re8 43. Bb7 b3 44. Bxe4 h5 45. Qxb3 Bc5 46. Qe3 Bxd4 47. Qxd4
Qa3 48. Kg2 Qa2+ 49. Qf2 Qa6 1/2-1/2

[Event "2.BLO 1617 Nickelhütte Aue - SK König"]
[Site "?"]
[Date "2016.11.19"]
[Round "3.1"]
[White "Plat, Vojtech"]
[Black "Papp, Gabor"]
[Result "0-1"]
[WhiteElo "2529"]
[BlackElo "2587"]
[PlyCount "60"]
[EventDate "2016.??.??"]

1. d4 d5 2. c4 dxc4 3. Nf3 a6 4. a4 Nf6 5. Nc3 Nc6 6. e4 Bg4 7. e5 Bxf3 8. gxf3
Nd5 9. e6 fxe6 10. Bxc4 g6 11. Be3 Bg7 12. a5 O-O 13. Ra4 b5 14. axb6 Nxb6 15.
Bxe6+ Kh8 16. d5 Nxa4 17. Qxa4 Ne5 18. f4 Nd3+ 19. Kd2 Nxb2 20. Qa2 Rb8 21. Rb1
c6 22. Rxb2 Rxb2+ 23. Qxb2 cxd5 24. Bc5 Rxf4 25. Qa3 Rf3 26. Qxa6 Rxc3 27. Bxe7
Qb8 28. Ke2 Qe5+ 29. Kf1 Rc1+ 30. Kg2 Qe4+ 0-1

[Event "2.BLO 1617 Nickelhütte Aue - SK König"]
[Site "?"]
[Date "2016.11.19"]
[Round "3.2"]
[White "Prohaszka, Peter"]
[Black "Kunze, Carlo"]
[Result "1-0"]
[WhiteElo "2593"]
[BlackElo "2284"]
[PlyCount "47"]
[EventDate "2016.??.??"]

1. d4 Nf6 2. Nf3 d6 3. g3 Nbd7 4. c4 e5 5. Nc3 Be7 6. Bg2 O-O 7. O-O c6 8. Qc2
Qc7 9. Rd1 Re8 10. h3 exd4 11. Nxd4 Bf8 12. e4 g6 13. Be3 a5 14. Na4 Nc5 15.
Nxc5 dxc5 16. Ne2 Qe7 17. Nc3 Be6 18. b3 Nd7 19. f4 Bg7 20. Rac1 a4 21. Nxa4
Bf5 22. Bf2 b5 23. cxb5 cxb5 24. Nxc5 1-0

[Event "2.BLO 1617 Nickelhütte Aue - SK König"]
[Site "?"]
[Date "2016.11.19"]
[Round "3.3"]
[White "Espig, Lutz"]
[Black "Meijers, Viesturs"]
[Result "0-1"]
[WhiteElo "2264"]
[BlackElo "2455"]
[PlyCount "72"]
[EventDate "2016.??.??"]

1. d4 Nf6 2. c4 e6 3. g3 d5 4. Bg2 dxc4 5. Nf3 Nc6 6. O-O Rb8 7. e3 b5 8. b3
cxb3 9. axb3 a6 10. Bb2 Be7 11. Qe2 O-O 12. Rc1 Rb6 13. Nbd2 Bb7 14. Ne5 Nxe5
15. Bxb7 Rxb7 16. dxe5 Nd5 17. Rxa6 Nb4 18. Raa1 Nd3 19. Rc2 Nxb2 20. Rxb2 Qd5
21. Nf3 c5 22. Ra6 Qe4 23. Rd2 h6 24. Qd1 g5 25. h3 Rc8 26. Rd7 Kf8 27. Rd3 c4
28. Rd4 Qg6 29. Rd7 cxb3 30. Rxb7 b2 31. Ra1 bxa1=Q 32. Qxa1 Qe4 33. Rxe7 Kxe7
34. Nd4 b4 35. Nb5 Qc6 36. Qa7+ Qd7 0-1

[Event "2.BLO 1617 Nickelhütte Aue - SK König"]
[Site "?"]
[Date "2016.11.19"]
[Round "3.5"]
[White "Schaller, Sven"]
[Black "Gaponenko, Inna"]
[Result "0-1"]
[WhiteElo "2282"]
[BlackElo "2415"]
[PlyCount "114"]
[EventDate "2016.??.??"]

1. Nf3 d5 2. g3 c6 3. Bg2 Bf5 4. O-O e6 5. d3 Nf6 6. Nbd2 h6 7. Qe1 Be7 8. e4
Bh7 9. Ne5 O-O 10. f4 Nbd7 11. Nxd7 Qxd7 12. e5 Ne8 13. Kh1 Nc7 14. Nf3 d4 15.
Bd2 c5 16. g4 Nd5 17. Qg3 Rac8 18. g5 hxg5 19. fxg5 Ne3 20. Bxe3 dxe3 21. Ne1
c4 22. Rf4 cxd3 23. cxd3 Qb5 24. Rh4 Qxb2 25. Rxh7 Kxh7 26. Qh3+ Kg8 27. g6 Bh4
28. Qxh4 fxg6 29. Qg4 Rce8 30. Nc2 Qxc2 31. Qxg6 e2 32. Rg1 Re7 33. Be4 Rf5 34.
Bxf5 exf5 35. Qd6 Qc6+ 36. Qxc6 bxc6 37. d4 Rb7 38. Re1 Rb2 39. a3 Kf7 40. Kg2
Ke6 41. Kf2 g5 42. Rc1 Kd5 43. e6 Kxe6 44. Rxc6+ Kd5 45. Rc5+ Ke4 46. Re5+ Kf4
47. Re7 a5 48. Re5 g4 49. Rxa5 e1=Q+ 50. Kxe1 Rxh2 51. Rb5 g3 52. Kf1 Rf2+ 53.
Kg1 Rd2 54. d5 Kf3 55. Rb3+ Kg4 56. a4 f4 57. Rb8 Rd1+ 0-1

[Event "2.BLO 1617 Nickelhütte Aue - SK König"]
[Site "?"]
[Date "2016.11.19"]
[Round "3.6"]
[White "Eichner, Sebastian"]
[Black "Sandner, Gunter"]
[Result "1-0"]
[WhiteElo "2364"]
[BlackElo "2274"]
[PlyCount "105"]
[EventDate "2016.??.??"]

1. Nf3 g6 2. d4 Bg7 3. e4 d6 4. Bc4 Nf6 5. Nc3 c6 6. a4 O-O 7. Bb3 Qa5 8. O-O
Na6 9. h3 c5 10. e5 Ne8 11. Nd5 e6 12. Ne7+ Kh8 13. exd6 Nxd6 14. dxc5 Ne4 15.
c6 bxc6 16. Qe2 Nac5 17. Nxc8 Raxc8 18. Bc4 Nd6 19. Bd2 Qb6 20. Rfb1 Nce4 21.
Be3 c5 22. Bd3 Qc6 23. c3 Rb8 24. Bf4 Rbd8 25. Ne5 Qb7 26. Rd1 Kg8 27. Rac1 Nf6
28. Ba6 Qb6 29. a5 Qxa5 30. Nc6 Qa4 31. Nxd8 Qxf4 32. Nb7 Nde4 33. Ra1 Nd5 34.
Bd3 f5 35. Bxe4 fxe4 36. Nxc5 Be5 37. g3 Qf5 38. Nxe4 Qxh3 39. Rd3 Rf5 40. Qf1
Qg4 41. Qg2 Bc7 42. Re1 Bb6 43. c4 Nb4 44. Rd2 Rf3 45. c5 Ba5 46. Re3 Rf8 47.
Nc3 Nd5 48. Rxd5 exd5 49. Qxd5+ Kh8 50. Re7 Bxc3 51. bxc3 Qf5 52. Qd4+ Qf6 53.
c6 1-0

[Event "2.BLO 1617 Nickelhütte Aue - SK König"]
[Site "?"]
[Date "2016.11.19"]
[Round "3.7"]
[White "Pfretzschner, Roland"]
[Black "Spiess, Gunter"]
[Result "0-1"]
[WhiteElo "2214"]
[BlackElo "2423"]
[PlyCount "90"]
[EventDate "2016.??.??"]

1. e4 e6 2. b3 d5 3. Bb2 Nf6 4. e5 Ng8 5. f4 c5 6. Nf3 Nc6 7. Be2 h5 8. Nc3 a6
9. O-O Nh6 10. Kh1 Be7 11. a3 Rb8 12. Qe1 b5 13. Nd1 Bb7 14. Nf2 Nf5 15. Bd3 g6
16. Rd1 Nh6 17. c3 c4 18. bxc4 dxc4 19. Be4 Qc7 20. d4 cxd3 21. Rxd3 Na5 22.
Bxb7 Qxb7 23. Ne4 Nc4 24. Bc1 Nf5 25. Nd4 Rd8 26. Qe2 Nxd4 27. cxd4 Rd7 28.
Rfd1 Nb6 29. Bd2 Nd5 30. Qf3 Kf8 31. Ba5 Kg7 32. Rc1 Rc8 33. Rdd1 Rc4 34. Qf2
Bxa3 35. Rxc4 bxc4 36. Nf6 Nxf6 37. exf6+ Kxf6 38. d5 Rxd5 39. Bc3+ Ke7 40. Re1
Rd3 41. Qh4+ Ke8 42. f5 gxf5 43. Qxc4 Qb5 44. Qc8+ Rd8 45. Qc7 Bd6 0-1